№ 4; Иностранные языки в школе
| Parent link: | Иностранные языки в школе: научно-методический журнал/ Министерство образования РФ. № 4.— , 1996- |
|---|---|
| Ngôn ngữ: | Tiếng Nga Tiếng Anh Tiếng Đức Tiếng Pháp |
| Được phát hành: |
2012
|
| Định dạng: | MixedMaterials Sách |
| KOHA link: | https://koha.lib.tpu.ru/cgi-bin/koha/opac-detail.pl?biblionumber=476617 |
MARC
| LEADER | 00000nam2a2200000 4500 | ||
|---|---|---|---|
| 001 | 476617 | ||
| 005 | 20231101092740.0 | ||
| 035 | |a (RuTPU)RU\TPU\prd\142907 | ||
| 090 | |a 476617 | ||
| 100 | |a 20120529a19349999k y0rusy50 ca | ||
| 101 | 0 | |a rus |a eng |a ger |a fre | |
| 102 | |a RU | ||
| 200 | 0 | |a № 4 | |
| 210 | |d 2012 | ||
| 461 | 1 | |0 (RuTPU)RU\TPU\prd\512 |t Иностранные языки в школе |o научно-методический журнал |f Министерство образования РФ |v № 4 |d 1996- | |
| 801 | 0 | |a RU |b 63413507 |c 20010227 |g PSBO | |
| 801 | 1 | |a RU |b 63413507 |c 20120529 | |
| 801 | 2 | |a RU |b 63413507 |c 20120529 |g RCR | |
| 942 | |c BK | ||
| 999 | |a НТБ_ТПУ |b ЧЗИЛ |e -1/20120110 |p П-5169 |s 6/20110919 |u 0,00 |v 1 |y 13821000630632 | ||